| 000 | 01012cam a22002651i 4500 | ||
|---|---|---|---|
| 003 | OSt | ||
| 005 | 20260413134246.0 | ||
| 008 | 260405s2016 ua f 000 0 ara c | ||
| 040 |
_aSA-JeALM _bara _cSA-RiAUC _erda |
||
| 050 | 4 | _b.Q23 2016 | |
| 082 | 0 | 4 |
_a257.5 _qSA-RiAUC |
| 090 |
_a257.5 _bل هـ ي |
||
| 100 | _aاللهيبي، صالح محمد زكي. | ||
| 245 | 0 | 2 |
_aالقضاء في الحضارة الإسلامية _bدراسة تاريخية _cتأليف صالح محمد زكي اللهيبي . |
| 264 | 1 |
_aادمام. السعودية : _bدار ابن الجوزي، _c2015 |
|
| 300 |
_a151 صفحة . _c24 سم. |
||
| 336 |
_aنص _btxt _2rdacontent _3كتاب |
||
| 337 |
_aبدون وسيط _bn _2rdamedia |
||
| 338 |
_aمجلد _bnc _2rdacarrier |
||
| 650 | 7 |
_aالقضاء (فقه إسلامي) _2aucsh |
|
| 650 | 7 |
_aالقضاء في الإسلام _2aucsh |
|
| 650 | _aالحضارة الإسلامية . | ||
| 942 |
_2ddc _cBOOK _n0 |
||
| 949 |
_aSA-JeALM _d260405 _uosman123 _n1 |
||
| 999 |
_c14766 _d14766 |
||